000 00779nam a2200289Ia 4500
001 10245
003 IT-RoPAU
008 130308s9999 xx 000 0 und d
040 _aIT-RoPAU
040 _cIT-RoPAU
041 _aITALIANO
100 _aBrancacci Mario
100 _gCodice Aut. SPICS: 8855
245 _aCavalier Jannilli (Il)
245 _bMorir dal Ridere-Testi comici Radiofonici e Televisivi dal 1945 a Oggi
250 _a1a ed.
260 _aMILANO
260 _bBompiani
260 _c1973 [1° Ed.:1973 - Ed.Ling.Originale:1953]
300 _a"2 p. (prefazione: no ; testo: 2 [pagine: 29-30])"
650 _aAUTORI/OPERE DELLA RADIO
650 _eCodice materia Spics: 6907
942 _cBK
957 _71
999 _c56743
_d56743
999 _bSI
999 _g1